MESTSKÁ KNIŽNICA GIRALTOVCE  - online katalóg 

Sám a sama (Record no. 12236)

000 -NÁVESTIE
fixed length control field 00941nam a2200253 a 4500
008 - ÚDAJE S PEVNOU DĹŽKOU – VŠEOBECNÉ INFORMÁCIE
fixed length control field 951027s1989||||[C 0 slo c
020 ## - MEDZINÁRODNÉ ŠTANDARDNÉ ČÍSLO KNIHY (ISBN)
Medzinárodné štandardné číslo knihy (ISBN) 8022000698
Údaje o dostupnosti 19 Kčs.
Qualifying information (4000 výtl.)
040 ## - ZDROJ KATALOGIZÁCIE
Pôvodná katalogizujúca agentúra SNK
Jazyk katalogizácie slo
Prepisujúca agentúra SNK
Konvencie popisu AACR2
041 1# - KÓD JAZYKA
Kód jazyka textu/zvukovej stopy alebo samostatných nápisov slo
Kód jazyka originálu a/alebo sprostredkujúcich prekladov textu rus
044 ## - KÓD KRAJINY VYDAVATEĽA/PRODUCENTA
Kód krajiny MARC xo
Kód krajiny ISO SK
080 ## - ČÍSLO MEDZINÁRODNÉHO DESATINNÉHO TRIEDENIA (MDT)
Číslo Medzinárodného desatinného triedenia (MDT) 882-3
100 1# - OSOBNÉ MENÁ – VŠEOBECNÉ INFORMÁCIE
Osobné meno Makanin, Vladimir
Kód roly aut
245 10 - NÁZOV
Názov Sám a sama
Údaj o zodpovednosti atď. Vladimir Makanin ; Mária Hulmanová, Milan Tokár, Věruna Melčáková-Juneková, Věruna pozri Melčáková-Juneková Juneková-Melčáková
250 ## - ÚDAJ O PORADÍ VYDANIA
Údaj o poradí vydania 1., vyd.
260 ## - VYDAVATEĽSKÉ ÚDAJE, DISTRIBÚCIA ATĎ.
Miesto publikovania, distribúcie atď. Bratislava
Názov vydavateľa, distibútora atď. Slovenský spisovateľ
Dátum publikovania, distribúcie atď. 1989
Miesto výroby Žilina
Výrobca Pravda
300 ## - FYZICKÝ POPIS
Rozsah 229 s., 13,34 AH
Rozmery 21 cm
490 0# - EDÍCIA
Edícia Nová sovietska tvorba
500 ## - VŠEOBECNÁ POZNÁMKA
Formátovaná poznámka o obsahu Ilustr. na front. Brož. 13,80 Kčs.
700 1# - PRIDANÝ VSTUP – OSOBNÉ MENO
Osobné meno Hulmanová, Mária
Kód roly trl
700 1# - PRIDANÝ VSTUP – OSOBNÉ MENO
Osobné meno Tokár, Milan
Kód roly [ADC]
700 1# - PRIDANÝ VSTUP – OSOBNÉ MENO
Osobné meno Melčáková-Juneková, Věruna
Kód roly bkd
700 1# - PRIDANÝ VSTUP – OSOBNÉ MENO
Osobné meno Juneková-Melčáková, Věruna pozri Melčáková-Juneková
Kód roly bkd
958 ## - Formálny deskriptor
Formálny deskriptor A
Holdings
Stav stiahnutia (Blokovanie) (Withrawn status) Stav straty Stav poškodenia (Damaged status) Nie pre výpožičky (Not for loan) Spôsob nadobudnutia (Collection code) Trvalé umiestnenie Aktuálne umiestnenie Dátum nadobudnutia Náklady, bežná kúpna cena Inventárne číslo (prírastkové číslo) Full call number Dátum posledného výskytu Cena s účinnosťou od Typ jednotky Koha
        Kúpa Mestská knižnica Giraltovce Mestská knižnica Giraltovce 2019-11-29 19.00 11530 B 5656 2019-11-29 2019-11-29 Krásna literatúra pre dospelých

Powered by Koha